000 00353nam a2200121Ia 4500
008 190216s9999||||xx |||||||||||||| ||und||
100 _aByron S Gottfried
245 0 _aSchaum`S Series Theory And Problems Of Programming With Basic
260 _bTata Mcgraw Hill Publishing Company Ltd
_c1996
300 _a386p
650 _aComputer Science
942 _cBK
999 _c8621
_d8621